[Event "30.Alpenpokal Obersdorf op"]
[Site "Tiefenbach (08.01.-18.01)"]
[Date "2004.??.??"]
[Round "9.14"]
[White "Hiller, Joachim[42Deidesh]"]
[Black "Sakowski, Christian"]
[Result "0-1"]
[WhiteElo "1880"]
[BlackElo "1776"]
[PlyCount "124"]
[EventDate "2004.01.??"]
[Source "ChessOrg"]
[SourceDate "2005.04.24"]

1. d4 Nf6 2. Nf3 e6 3. c4 b6 4. g3 Bb7 5. Bg2 Bb4+ 6. Nc3 Bxc3+ 7. bxc3 d6 8.
O-O Nbd7 9. Ba3 c5 10. Re1 Qc7 11. Rc1 O-O 12. Nd2 Bxg2 13. Kxg2 Rfe8 14. e4 e5
15. d5 Nf8 16. Nf1 g6 17. Qf3 Nh5 18. Rc2 Qe7 19. Bc1 Qf6 20. Qe2 Nd7 21. Ne3
Qe7 22. Ng4 f6 23. Nh6+ Kh8 24. a4 a5 25. Rb2 Qf8 26. Qg4 Re7 27. Kh1 Rae8 28.
Qh3 Qg7 29. f3 Qf8 30. Rg1 Rb8 31. Rf1 Qg7 32. Rg2 Qf8 33. Rgf2 Rb7 34. Nf5 Rf7
35. Bh6 Qb8 36. Ne3 Nf8 37. f4 exf4 38. gxf4 Qe8 39. Qf3 Qxa4 40. Qg4 Qe8 41.
f5 Rfe7 42. fxg6 hxg6 43. Qh3 Nh7 44. Ng4 Rf7 45. e5 fxe5 46. Nxe5 dxe5 47. d6
Rxf2 48. Rxf2 Nf4 49. Qf3 Rf7 50. Qe4 Rf5 51. Bxf4 Nf6 52. Bxe5 Rxe5 53. Qh4+
Nh5 54. d7 Qxd7 55. Rf8+ Kg7 56. Rd8 Qc6+ 57. Kg1 Qf6 58. Rd7+ Kh6 59. Qxf6
Nxf6 60. Rd6 Ne4 61. Rxb6 Nxc3 62. Ra6 a4 0-1

[Event "30.Alpenpokal Obersdorf op"]
[Site "Tiefenbach (08.01.-18.01)"]
[Date "2004.??.??"]
[Round "9.15"]
[White "Seidel, Juergen"]
[Black "Poell, Guenter"]
[Result "0-1"]
[WhiteElo "1898"]
[BlackElo "1765"]
[PlyCount "80"]
[EventDate "2004.01.??"]
[Source "ChessOrg"]
[SourceDate "2005.04.24"]

1. d4 f5 2. e4 fxe4 3. Nc3 Nf6 4. g4 d5 5. g5 Ng8 6. f3 exf3 7. Qxf3 e6 8. Bd3
Ne7 9. Nge2 c6 10. Bf4 g6 11. Be5 Rg8 12. Qh3 Bg7 13. Bf6 Bxf6 14. gxf6 Nf5 15.
Qxh7 Rf8 16. Qxg6+ Rf7 17. Qg8+ Rf8 18. f7+ Ke7 19. Qg5+ Kxf7 20. Qh5+ Ke7 21.
O-O-O Nd7 22. Nf4 Kd6 23. Nxe6 Nf6 24. Qxf5 Bxe6 25. Qe5+ Kd7 26. Rde1 Qe7 27.
Ne2 Ng4 28. Qg3 Nf2 29. Rhg1 Nxd3+ 30. Qxd3 Bf5 31. Qb3 Kc7 32. Ng3 Qg5+ 33.
Kb1 Rae8 34. Qa3 Rxe1+ 35. Rxe1 Qd2 36. Qe7+ Bd7 37. a3 Re8 38. Qxe8 Bxe8 39.
Rxe8 Kd7 40. Re2 Qxd4 0-1

[Event "30.Alpenpokal Obersdorf op"]
[Site "Tiefenbach (08.01.-18.01)"]
[Date "2004.??.??"]
[Round "9.16"]
[White "Heissenbuettel, Hans-Erich"]
[Black "Spurga, Josef"]
[Result "1/2-1/2"]
[WhiteElo "1900"]
[BlackElo "1880"]
[PlyCount "39"]
[EventDate "2004.01.??"]
[Source "ChessOrg"]
[SourceDate "2005.04.24"]

1. c4 e5 2. Nc3 d6 3. g3 g6 4. Nf3 Bg7 5. d4 exd4 6. Nxd4 Ne7 7. Bg2 Nbc6 8. e3
O-O 9. O-O Bd7 10. Nde2 Rb8 11. b3 Ne5 12. Bb2 Bc6 13. Nd5 Nxd5 14. cxd5 Bb5
15. Qd2 Qf6 16. Bd4 Nf3+ 17. Bxf3 Qxf3 18. Bxg7 Kxg7 19. Qc3+ Kg8 20. Nd4
1/2-1/2

[Event "30.Alpenpokal Obersdorf op"]
[Site "Tiefenbach (08.01.-18.01)"]
[Date "2004.??.??"]
[Round "9.18"]
[White "Hoffmann, Reinhold[32Wadg]"]
[Black "Pruess, Martin"]
[Result "0-1"]
[WhiteElo "1804"]
[BlackElo "1827"]
[PlyCount "60"]
[EventDate "2004.01.??"]
[Source "ChessOrg"]
[SourceDate "2005.04.24"]

1. e4 e5 2. Nf3 Nc6 3. Bb5 a6 4. Bxc6 dxc6 5. O-O Bd6 6. d4 Qe7 7. dxe5 Bxe5 8.
Nxe5 Qxe5 9. Qf3 Be6 10. Nc3 O-O-O 11. Bf4 Qa5 12. Rad1 Nf6 13. Rxd8+ Rxd8 14.
Rd1 Rxd1+ 15. Qxd1 Qb4 16. Bg5 Qxb2 17. Qd2 Qa1+ 18. Nd1 Bxa2 19. f4 b5 20.
Bxf6 Qxf6 21. Nc3 Be6 22. e5 Qd8 23. Qe3 b4 24. Ne4 Qd1+ 25. Kf2 Qxc2+ 26. Kg3
Bd5 27. Nc5 Qxg2+ 28. Kh4 Qxh2+ 29. Kg4 Qg2+ 30. Kh4 Bf3 0-1

[Event "30.Alpenpokal Obersdorf op"]
[Site "Tiefenbach (08.01.-18.01)"]
[Date "2004.??.??"]
[Round "9.19"]
[White "Klempt, Guenter"]
[Black "Besler, Ralf"]
[Result "0-1"]
[WhiteElo "1894"]
[BlackElo "1808"]
[PlyCount "82"]
[EventDate "2004.01.??"]
[Source "ChessOrg"]
[SourceDate "2005.04.24"]

1. d4 Nf6 2. c4 e6 3. Nf3 d5 4. Nc3 Bb4 5. a3 Bxc3+ 6. bxc3 O-O 7. Bg5 h6 8.
Bh4 b6 9. cxd5 exd5 10. e3 c5 11. Be2 Ba6 12. O-O Bxe2 13. Qxe2 Re8 14. Ne5
Nbd7 15. Nxd7 Qxd7 16. Bxf6 gxf6 17. a4 f5 18. Qf3 Qe6 19. Rfd1 c4 20. Rdb1 Qe4
21. Qxe4 fxe4 22. Rb5 Red8 23. a5 Rab8 24. g3 Kf8 25. Kg2 Rd7 26. Rab1 Rd6 27.
Kh3 Ke7 28. Kg2 Kd7 29. R5b2 Kc6 30. f3 f5 31. fxe4 fxe4 32. Rf2 b5 33. Rf7 Rd7
34. Rbf1 Rxf7 35. Rxf7 b4 36. cxb4 c3 37. Rf1 Kb5 38. Rc1 Kc4 39. Kf2 Rxb4 40.
Ke1 Rb2 41. Kd1 Kd3 0-1

[Event "30.Alpenpokal Obersdorf op"]
[Site "Tiefenbach (08.01.-18.01)"]
[Date "2004.??.??"]
[Round "9.20"]
[White "Fischer, Paul[37Hiltrup]"]
[Black "Moehring, Norbert"]
[Result "0-1"]
[WhiteElo "1740"]
[BlackElo "1812"]
[PlyCount "60"]
[EventDate "2004.01.??"]
[Source "ChessOrg"]
[SourceDate "2005.04.24"]

1. Nc3 Nf6 2. e4 e5 3. Nf3 Bb4 4. Bc4 O-O 5. O-O d6 6. d3 Nc6 7. Nd5 Nxd5 8.
Bxd5 Ne7 9. Bg5 Kh8 10. c3 Ba5 11. Bh4 f6 12. a4 c6 13. Ba2 Ng6 14. b4 Bc7 15.
h3 Nxh4 16. Nxh4 f5 17. Qh5 Rf6 18. Nxf5 g6 19. Qe2 gxf5 20. f4 Qf8 21. exf5
Qg7 22. fxe5 dxe5 23. Qh5 Bd7 24. Rae1 Raf8 25. d4 exd4 26. cxd4 Qg3 27. Rf2
Bxf5 28. Qd1 Qh2+ 29. Kf1 Bd3+ 30. Qe2 Qh1# 0-1

[Event "30.Alpenpokal Obersdorf op"]
[Site "Tiefenbach (08.01.-18.01)"]
[Date "2004.??.??"]
[Round "9.21"]
[White "Kycler, Jan"]
[Black "Schulz, Toni,Prof.Dr[48]"]
[Result "0-1"]
[WhiteElo "1762"]
[BlackElo "1854"]
[PlyCount "94"]
[EventDate "2004.01.??"]
[Source "ChessOrg"]
[SourceDate "2005.04.24"]

1. Nf3 Nf6 2. g3 g6 3. Bg2 Bg7 4. O-O O-O 5. d3 d6 6. e4 c5 7. a4 Nc6 8. Nbd2
Qc7 9. Nc4 e5 10. Ne3 h6 11. Nd5 Nxd5 12. exd5 Ne7 13. c4 b6 14. Rb1 a5 15. b3
Kh7 16. Bb2 f5 17. Nd2 Ng8 18. f3 Bf6 19. Re1 Qg7 20. Qc2 Bd7 21. Re2 Rae8 22.
Rbe1 Re7 23. Nb1 Rfe8 24. Na3 e4 25. dxe4 fxe4 26. fxe4 Bd4+ 27. Kh1 h5 28.
Bxd4 Qxd4 29. Qb2 Qxb2 30. Rxb2 Nh6 31. Rf1 Kg7 32. Nb5 Bxb5 33. axb5 Rf7 34.
Rxf7+ Nxf7 35. Re2 Ne5 36. Kg1 Rf8 37. Re3 Ra8 38. Bf1 a4 39. bxa4 Rxa4 40. Rc3
Kf6 41. h3 g5 42. Be2 h4 43. gxh4 gxh4 44. Kf2 Ra1 45. Bf1 Kg5 46. Bg2 Kf4 47.
Ke2 Ra4 0-1

[Event "30.Alpenpokal Obersdorf op"]
[Site "Tiefenbach (08.01.-18.01)"]
[Date "2004.??.??"]
[Round "9.22"]
[White "Schenfeld, Waldemar"]
[Black "Drewitz, Friedel"]
[Result "0-1"]
[WhiteElo "1538"]
[BlackElo "1749"]
[PlyCount "75"]
[EventDate "2004.01.??"]
[Source "ChessOrg"]
[SourceDate "2005.04.24"]

1. e4 e5 2. Nf3 Nc6 3. Bb5 a6 4. Ba4 Nf6 5. d3 b5 6. Bb3 Be7 7. Nc3 d6 8. O-O
O-O 9. Re1 Bg4 10. Nd5 Nd4 11. Ne3 Bxf3 12. gxf3 Nxb3 13. axb3 Nh5 14. Nf5 Bg5
15. Ng3 Bxc1 16. Qxc1 Nf4 17. Qe3 h5 18. d4 h4 19. dxe5 dxe5 20. Rad1 Qg5 21.
Rd5 hxg3 22. fxg3 f6 23. Rd7 Nh3+ 24. Kg2 Qxe3 25. Rxe3 Ng5 26. Rxc7 Ne6 27.
Rc6 Rfe8 28. c3 Kf8 29. Kf2 Re7 30. Re2 Nd8 31. Rd6 Nb7 32. Rd5 Kf7 33. b4 Rd8
34. Rxd8 Nxd8 35. b3 Rd7 36. Ra2 Rd6 37. Ke2 Nb7 38. h4 0-1

[Event "30.Alpenpokal Obersdorf op"]
[Site "Tiefenbach (08.01.-18.01)"]
[Date "2004.??.??"]
[Round "9.24"]
[White "Winter, Rudolf[29GGerau]"]
[Black "Boehm, Karl[33Vahr]"]
[Result "1-0"]
[WhiteElo "1687"]
[BlackElo "1595"]
[PlyCount "45"]
[EventDate "2004.01.??"]
[Source "ChessOrg"]
[SourceDate "2005.04.24"]

1. d4 d5 2. Nf3 Nf6 3. e3 e6 4. Bd3 c5 5. c3 Nc6 6. Nbd2 c4 7. Bc2 b6 8. O-O
Ba6 9. e4 dxe4 10. Nxe4 Be7 11. Re1 O-O 12. Qe2 Rc8 13. Nxf6+ Bxf6 14. Qe4 g6
15. Bh6 Bg7 16. Bg5 Bf6 17. Qh4 Be7 18. Qh6 Rc7 19. Re4 f5 20. Rxe6 Rf7 21.
Rae1 Bc8 22. R6e3 Bxg5 23. Re8+ 1-0

[Event "30.Alpenpokal Obersdorf op"]
[Site "Tiefenbach (08.01.-18.01)"]
[Date "2004.??.??"]
[Round "9.25"]
[White "Poehler, Margit"]
[Black "Schulz, Hermann[35Ülzen]"]
[Result "1-0"]
[WhiteElo "1765"]
[BlackElo "1611"]
[PlyCount "61"]
[EventDate "2004.01.??"]
[Source "ChessOrg"]
[SourceDate "2005.04.24"]

1. d4 Nf6 2. c4 e6 3. Nc3 Bb4 4. a3 Bxc3+ 5. bxc3 c5 6. d5 d6 7. Nf3 O-O 8. Bg5
e5 9. e4 Bg4 10. Be2 Nbd7 11. O-O h6 12. Bh4 g5 13. Nxg5 Bxe2 14. Qxe2 hxg5 15.
Bxg5 Kg7 16. f4 Rg8 17. Qf3 Kf8 18. Bh4 Rg6 19. fxe5 dxe5 20. Rab1 b6 21. Rb2
Kg7 22. Rbf2 Qe7 23. Kh1 Rh8 24. g3 Rxh4 25. gxh4 Kf8 26. Qf5 Ke8 27. h5 Rg4
28. h6 Rf4 29. Rxf4 exf4 30. Rxf4 Kd8 31. e5 1-0

[Event "30.Alpenpokal Obersdorf op"]
[Site "Tiefenbach (08.01.-18.01)"]
[Date "2004.??.??"]
[Round "9.26"]
[White "Meyer, Thomas[52Tübing]"]
[Black "Borries, Barbara"]
[Result "0-1"]
[WhiteElo "1598"]
[BlackElo "1703"]
[PlyCount "140"]
[EventDate "2004.01.??"]
[Source "ChessOrg"]
[SourceDate "2005.04.24"]

1. d4 d5 2. c4 c6 3. Nc3 Nf6 4. Nf3 e6 5. cxd5 exd5 6. Bg5 Nbd7 7. e3 Bd6 8.
Bd3 O-O 9. O-O Re8 10. Rc1 h6 11. Bh4 a6 12. Bb1 Qc7 13. Qd3 Qb6 14. Ne2 Qb5
15. Qxb5 axb5 16. Nc3 b4 17. Ne2 Ne4 18. Rfd1 Nb6 19. Nd2 f5 20. Nxe4 fxe4 21.
b3 Bd7 22. Bg3 Bxg3 23. Nxg3 Nc8 24. Rd2 Nd6 25. h3 Nb5 26. Ne2 Re7 27. Kf1 Be8
28. Nf4 Bf7 29. Ne2 Ra6 30. Rb2 Re8 31. Rcc2 Na3 32. Rd2 Rea8 33. Nc1 c5 34.
dxc5 Rc6 35. Ke1 Rxc5 36. Kd1 Be8 37. Rd4 Rac8 38. Ne2 Bh5 39. Kd2 Bxe2 40.
Kxe2 Rc1 41. Bxe4 dxe4 42. Rxe4 R1c2+ 43. Rxc2 Rxc2+ 44. Kf3 Rxa2 45. Rxb4 Nc2
46. Rxb7 Ne1+ 47. Kg3 Nd3 48. Rb8+ Kh7 49. Rf8 Rb2 50. e4 Rxb3 51. Rf3 Nc5 52.
Rxb3 Nxb3 53. Kf4 Nc5 54. h4 Kg6 55. g4 Nd3+ 56. Kg3 Nc5 57. e5 Kf7 58. f4 Ke6
59. Kf3 g6 60. Ke3 h5 61. gxh5 gxh5 62. Kd4 Nb3+ 63. Ke4 Nd2+ 64. Ke3 Nf1+ 65.
Kf2 Nh2 66. Kg3 Ng4 67. Kf3 Kf5 68. Kg3 Nh6 69. Kf3 Ng8 70. Ke3 Ne7 0-1

[Event "30.Alpenpokal Obersdorf op"]
[Site "Tiefenbach (08.01.-18.01)"]
[Date "2004.??.??"]
[Round "9.27"]
[White "Marek, Herbert"]
[Black "Kahler, Kurt"]
[Result "0-1"]
[WhiteElo "1651"]
[BlackElo "1712"]
[PlyCount "82"]
[EventDate "2004.01.??"]
[Source "ChessOrg"]
[SourceDate "2005.04.24"]

1. d4 Nf6 2. c4 e6 3. Nc3 Bb4 4. e3 b6 5. Bd3 Bb7 6. f3 O-O 7. Nge2 d5 8. a3
dxc4 9. Bxc4 Bxc3+ 10. Nxc3 a6 11. b4 Ne8 12. O-O Nd6 13. Ba2 Nf5 14. Qe1 Nd7
15. Bb2 Qg5 16. Nd1 c5 17. e4 Nxd4 18. Rc1 e5 19. Ne3 Rac8 20. Nd5 b5 21. Qf2
Ne6 22. h4 Qd8 23. Qg3 Bxd5 24. Bxd5 Nf4 25. Rc2 Nh5 26. Qh2 Qe7 27. bxc5 Rxc5
28. Rxc5 Qxc5+ 29. Kh1 Qe7 30. Rc1 Nf4 31. Rc7 Nxd5 32. exd5 Qd6 33. Rc6 Qxd5
34. Rxa6 f6 35. Qh3 Nc5 36. Ra7 Nd3 37. Rd7 Qc4 38. Qg3 g6 39. h5 g5 40. h6
Nxb2 41. f4 Qc1+ 0-1

[Event "30.Alpenpokal Obersdorf op"]
[Site "Tiefenbach (08.01.-18.01)"]
[Date "2004.??.??"]
[Round "9.28"]
[White "Luebbers, Doris,Dr."]
[Black "Blosze, Winfried"]
[Result "1/2-1/2"]
[WhiteElo "1403"]
[BlackElo "1730"]
[PlyCount "68"]
[EventDate "2004.01.??"]
[Source "ChessOrg"]
[SourceDate "2005.04.24"]

1. d4 Nf6 2. Nf3 g6 3. e3 Bg7 4. b3 d5 5. Bb2 O-O 6. Be2 c5 7. O-O cxd4 8. exd4
Nc6 9. Nbd2 Bf5 10. Ne5 Rc8 11. Ndf3 Ne4 12. Nxc6 Rxc6 13. Bd3 Qc7 14. Rc1 Bh6
15. Ra1 Nc3 16. Qe1 Bxd3 17. cxd3 Rc8 18. Ne5 Re6 19. Bxc3 Qxc3 20. Qxc3 Rxc3
21. Rfd1 f6 22. Nf3 Re2 23. Ne1 Kf7 24. Kf1 Rb2 25. Rdb1 Rxb1 26. Rxb1 Ke6 27.
g3 Kd7 28. Ke2 e6 29. Rb2 b5 30. Rc2 b4 31. f4 Bf8 32. Kd2 Rxc2+ 33. Nxc2 h5
34. Ne1 a5 1/2-1/2

[Event "30.Alpenpokal Obersdorf op"]
[Site "Tiefenbach (08.01.-18.01)"]
[Date "2004.??.??"]
[Round "9.30"]
[White "Meyer, Susanne[53Huck'e]"]
[Black "Tauscher, Max"]
[Result "1/2-1/2"]
[WhiteElo "1572"]
[BlackElo "1604"]
[PlyCount "49"]
[EventDate "2004.01.??"]
[Source "ChessOrg"]
[SourceDate "2005.04.24"]

1. e4 e5 2. f4 exf4 3. Nf3 d6 4. d4 Bg4 5. Bxf4 Nf6 6. Nbd2 h6 7. Be2 Be7 8. c3
O-O 9. O-O Nbd7 10. Qc2 c6 11. Rae1 Re8 12. Kh1 Nh5 13. Be3 Nhf6 14. Bd3 Qc7
15. Bg1 Bd8 16. h3 Bh5 17. Bh2 Bg6 18. e5 dxe5 19. Bxg6 fxg6 20. Qxg6 Nf8 21.
Qc2 Qa5 22. Qb3+ Kh8 23. Nxe5 Be7 24. Nf7+ Kh7 25. Qc2+ 1/2-1/2